Statistics for Montpellier Best Scorer By Year

Click here to take the quiz!

General Stats

  • This quiz has been taken 65 times
    (4 since last reset)
  • The average score is 11 of 31

Answer Stats

Player% Correct
Téji Savanier
100%
Olivier Giroud
75%
Andy Delort
50%
Elye Wahi
50%
Gaëtan Laborde
50%
Laurent Blanc
50%
Rémy Cabella
50%
Souleymane Camara
50%
Abderrahmane Mahjoub
25%
Aljoša Asanović
25%
Casimir Ninga
25%
Christophe Sanchez
25%
Fabien Lefèvre
25%
Fabrice Divert
25%
Frédéric N'Doumbé
25%
Georges Dupraz
25%
Giovanni Sio
25%
Habib Bamogo
25%
Ibrahima Bakayoko
25%
Laurent Robert
25%
Lucas Barrios
25%
Olivier Pickeu
25%
Oscar Trossero
25%
Patrice Loko
25%
Roger Milla
25%
Sékou Touré
25%
Steve Mounié
25%
Toifilou Maoulida
25%
Valéry Mézague
25%
Víctor Montaño
25%
Younès Belhanda
25%

Score Distribution

Percentile by Number Answered

Percent of People with Each Score

Your Score History

You have not taken this quiz since the last reset